000 003750000a22001210004500
090 _aAS
_bSeriadas
245 1 0 _aClave sinóptica para los géneros de palmas de Colombia
041 0 _aEspañol
700 1 _aBernal González, Rodrigo
_999266
100 1 _aGaleano Garcés, Gloria
_925270
942 _cARTICULO
773 1 _tMutisia: Acta Botánica Colombiana
_3893
_h69
_q1-23
_d1986
999 _c15271
_d15271